[Event "32.Schlosspark-Open"]
[Site "Wiesbaden-Biebrich"]
[Date "2023.08.27"]
[Round "7.1"]
[White "Euler, Gerd"]
[Black "Stork, Oliver"]
[Result "1/2-1/2"]
[WhiteElo "2243"]
[BlackElo "2327"]
[PlyCount "80"]
[EventDate "2023.??.??"]
[WhiteTeam "SSG Hungen-Lich"]
[BlackTeam "Klub Kölner SF e. V."]

1. d4 Nf6 2. c4 c5 3. e3 g6 4. Nf3 Bg7 5. Be2 O-O 6. O-O cxd4 7. exd4 d5 8. cxd5 Nxd5 9. Nc3 Nc6 10. h3 b6 11. Qa4 Bb7 12. Rd1 Rc8 13. Nxd5 Qxd5 14. Be3 Qa5 15. Qb3 Rfd8 16. d5 Ne5 17. Nxe5 Bxe5 18. Bf3 Rc7 19. Bd2 Qc5 20. Rac1 Bxd5 21. Bxd5 Qxd5 22. Bc3 Rxc3 23. bxc3 Qa8 24. Rxd8+ Qxd8 25. Rd1 Qc7 26. Qd5 Bd6 27. Rd3 Kg7 28. Qd4+ f6 29. Qd5 Qc8 30. Rf3 Qa6 31. g3 Qa4 32. Kg2 Bc5 33. h4 h5 34. Rf4 Qc2 35. Rf3 a5 36. Qc4 a4 37. Qe6 a3 38. Kg1 Qd1+ 39. Kg2 Qc2 40. Kg1 Qd1+ 1/2-1/2

[Event "32.Schlosspark-Open"]
[Site "Wiesbaden-Biebrich"]
[Date "2023.08.27"]
[Round "7.2"]
[White "Weber, Samuel"]
[Black "Pfreundt, Jakob"]
[Result "1/2-1/2"]
[WhiteElo "2276"]
[BlackElo "2427"]
[PlyCount "42"]
[EventDate "2023.??.??"]
[WhiteTeam "SV Oberursel"]
[BlackTeam "HSK Lister Turm"]

1. Nf3 d5 2. e3 e6 3. b3 c5 4. Bb2 Nc6 5. Bb5 Bd7 6. O-O Nf6 7. c4 a6 8. Bxc6 Bxc6 9. Ne5 Rc8 10. d3 Be7 11. Nd2 O-O 12. Nxc6 Rxc6 13. a3 b5 14. Qe2 Qb8 15. Rab1 Rd8 16. Rfc1 h6 17. Bc3 Rdc8 18. h3 Rb6 19. a4 Rb7 20. axb5 axb5 21. Ra1 Rd8 1/2-1/2

[Event "32.Schlosspark-Open"]
[Site "Wiesbaden-Biebrich"]
[Date "2023.08.27"]
[Round "7.3"]
[White "Siegert, Gregor"]
[Black "Lammers, Markus"]
[Result "1/2-1/2"]
[WhiteElo "1973"]
[BlackElo "2340"]
[PlyCount "98"]
[EventDate "2023.??.??"]
[WhiteTeam "Schachforum Darmstadt 1994"]
[BlackTeam "HSK Lister Turm"]

1. e4 Nc6 2. Nf3 f5 3. exf5 d5 4. Bb5 Bxf5 5. d4 e6 6. O-O Bd6 7. Ne5 Nge7 8. Qh5+ Bg6 9. Qe2 O-O 10. Bxc6 Nxc6 11. Nxg6 hxg6 12. Qxe6+ Rf7 13. c3 Qh4 14. g3 Qh5 15. Na3 Kf8 16. Qe1 Re8 17. Be3 Ne7 18. Qd1 Qh3 19. Qd2 Nf5 20. Bg5 Bxa3 21. bxa3 Nd6 22. f3 Nc4 23. Qd3 Rf5 24. Bd2 Nb2 25. Qb5 Nc4 26. Rae1 Rxe1 27. Rxe1 Kg8 28. Bf4 g5 29. Bc1 c6 30. Qxb7 Rxf3 31. Re8+ Kh7 32. Qb1+ Rf5 33. Bxg5 Nd6 34. Re5 Ne4 35. Bf4 Rxf4 36. gxf4 Qe3+ 37. Kh1 Qf3+ 38. Kg1 Qf2+ 39. Kh1 Qf3+ 40. Kg1 Qf2+ 41. Kh1 Qe2 42. Kg1 Qg4+ 43. Kh1 Qxf4 44. Qd3 Kg8 45. Kg2 Qf2+ 46. Kh1 Qe1+ 47. Kg2 Qf2+ 48. Kh1 Qe1+ 49. Kg2 Qf2+ 1/2-1/2

[Event "32.Schlosspark-Open"]
[Site "Wiesbaden-Biebrich"]
[Date "2023.08.27"]
[Round "7.4"]
[White "Smith, Bryan"]
[Black "Nagel, Bernhard"]
[Result "1-0"]
[WhiteElo "2378"]
[BlackElo "2146"]
[PlyCount "59"]
[EventDate "2023.??.??"]
[WhiteTeam "Philadelphia,PA"]
[BlackTeam "Kölner SK Dr. Lasker 186"]

1. e4 e6 2. d4 d5 3. e5 c5 4. c3 Nc6 5. Nf3 Bd7 6. Be2 Nge7 7. Na3 cxd4 8. cxd4 Nf5 9. Nc2 Be7 10. O-O h5 11. Bd3 g5 12. Be3 g4 13. Nd2 Qb6 14. b4 f6 15. Bxf5 exf5 16. Nb3 Nxb4 17. Nc5 Nxc2 18. Qxc2 Qc6 19. exf6 Bxf6 20. Qd2 b6 21. Nd3 O-O 22. Bf4 Qb7 23. Rac1 Rac8 24. Be5 Kh7 25. Bxf6 Rxf6 26. Qg5 Rcf8 27. Rfe1 Bb5 28. Nf4 Qf7 29. Nxh5 Rg6 30. Qh4 1-0

[Event "32.Schlosspark-Open"]
[Site "Wiesbaden-Biebrich"]
[Date "2023.08.27"]
[Round "7.5"]
[White "Dolzhykova, Kateryna"]
[Black "Stork, Christopher"]
[Result "1-0"]
[WhiteElo "2307"]
[BlackElo "2065"]
[PlyCount "105"]
[EventDate "2023.??.??"]
[WhiteTeam "SV Oberursel"]
[BlackTeam "SV Oberursel"]

1. e4 c5 2. Nf3 d6 3. d4 cxd4 4. Qxd4 Nc6 5. Bb5 Bd7 6. Bxc6 Bxc6 7. Nc3 Nf6 8. Bg5 e6 9. O-O-O Be7 10. Rhe1 O-O 11. Kb1 h6 12. Bh4 a6 13. h3 Rc8 14. Qe3 Qc7 15. Nd4 Nxe4 16. Bxe7 Nxc3+ 17. Qxc3 Qxe7 18. Nf5 Qg5 19. Nxd6 Rcd8 20. Rd3 g6 21. g3 Bd5 22. f4 Qe7 23. Rxd5 Rxd6 24. Rc5 Rfd8 25. a3 Rd4 26. Ka2 Qd6 27. Ree5 Qe7 28. Re2 Qd6 29. h4 h5 30. Ree5 Rd1 31. g4 hxg4 32. h5 Qd4 33. Qb3 Qxf4 34. hxg6 R1d5 35. gxf7+ Kxf7 36. Rexd5 Rxd5 37. Qxb7+ Kg6 38. Rc8 Qf7 39. Qb8 Rh5 40. Rg8+ Kh7 41. Rxg4 Rf5 42. c4 Rh5 43. Qc8 Rh2 44. Rd4 Rxb2+ 45. Kxb2 Qf2+ 46. Kc3 Qe1+ 47. Rd2 Qc1+ 48. Kd3 Qb1+ 49. Rc2 Qf1+ 50. Kc3 Qa1+ 51. Kb3 Qb1+ 52. Rb2 Qd3+ 53. Ka2 1-0

[Event "32.Schlosspark-Open"]
[Site "Wiesbaden-Biebrich"]
[Date "2023.08.27"]
[Round "7.6"]
[White "Lesny, Florian"]
[Black "Töpfer, Albrecht"]
[Result "1/2-1/2"]
[WhiteElo "2232"]
[BlackElo "2065"]
[PlyCount "31"]
[EventDate "2023.??.??"]
[WhiteTeam "SK Bad Homburg 1927"]
[BlackTeam "SC Fulda"]

1. e4 d6 2. d4 Nf6 3. Nc3 e5 4. Nf3 Nbd7 5. Bc4 Be7 6. O-O O-O 7. Re1 c6 8. a4 h6 9. h3 Re8 10. a5 Qc7 11. Be3 exd4 12. Bxd4 Ne5 13. Bf1 Bd7 14. Be3 b5 15. axb6 axb6 16. Nxe5 1/2-1/2

[Event "32.Schlosspark-Open"]
[Site "Wiesbaden-Biebrich"]
[Date "2023.08.27"]
[Round "7.7"]
[White "Ensslinger, Colin"]
[Black "Gramb, Marius"]
[Result "0-1"]
[WhiteElo "2043"]
[BlackElo "2219"]
[PlyCount "98"]
[EventDate "2023.??.??"]
[WhiteTeam "SF Schwaigern"]
[BlackTeam "Brühler SK 1920 e. V."]

1. e4 c6 2. Nc3 d5 3. Nf3 dxe4 4. Nxe4 Nf6 5. Qe2 Bg4 6. Nxf6+ gxf6 7. h3 Bh5 8. g4 Bg6 9. d4 e6 10. Bf4 Bd6 11. Bxd6 Qxd6 12. O-O-O Na6 13. a3 O-O-O 14. Qe3 Nc7 15. c4 e5 16. Bg2 Qe6 17. Qc3 exd4 18. Nxd4 Qe5 19. Rhe1 Qg5+ 20. Qe3 Rhe8 21. Qxg5 fxg5 22. Re3 Rxe3 23. fxe3 c5 24. Nf5 Rxd1+ 25. Kxd1 Bxf5 26. gxf5 Ne8 27. Ke2 f6 28. Bd5 Kc7 29. Kf3 b6 30. Kg4 Ng7 31. h4 h5+ 32. Kf3 Nxf5 33. hxg5 fxg5 34. Ke4 Ne7 35. Bf7 h4 36. Ke5 h3 37. Bh5 Nc6+ 38. Kf6 Kd6 39. Bg4 h2 40. Bf3 Ne5 41. Bg2 Nxc4 42. e4 g4 43. b3 Ne5 44. Kf5 b5 45. Kf4 c4 46. b4 c3 47. Ke3 c2 48. Kd2 Nc4+ 49. Kc1 Ne3 0-1

[Event "32.Schlosspark-Open"]
[Site "Wiesbaden-Biebrich"]
[Date "2023.08.27"]
[Round "7.9"]
[White "Neurohr, Jürgen"]
[Black "Foerster-Yialamas, Lucas"]
[Result "1/2-1/2"]
[WhiteElo "2001"]
[BlackElo "2171"]
[PlyCount "46"]
[EventDate "2023.??.??"]
[WhiteTeam "Sfr.Mainz 1928"]
[BlackTeam "Sabt Frankfurter TV 1860"]

1. d4 Nf6 2. c4 g6 3. Nc3 d5 4. cxd5 Nxd5 5. e4 Nxc3 6. bxc3 Bg7 7. Nf3 c5 8. Rb1 O-O 9. Be2 cxd4 10. cxd4 Qa5+ 11. Qd2 Qxd2+ 12. Bxd2 b6 13. Rc1 Bb7 14. Bd3 Nc6 15. d5 Ne5 16. Nxe5 Bxe5 17. Ke2 Rac8 18. a4 f5 19. exf5 gxf5 20. f4 Bd6 21. Rxc8 Bxc8 22. Bb5 Bb7 23. Bc4 Rc8 1/2-1/2

[Event "32.Schlosspark-Open"]
[Site "Wiesbaden-Biebrich"]
[Date "2023.08.27"]
[Round "7.10"]
[White "Reschke, Thomas"]
[Black "Gutman, Lev"]
[Result "1-0"]
[WhiteElo "2103"]
[BlackElo "2325"]
[PlyCount "67"]
[EventDate "2023.??.??"]
[WhiteTeam "SC Frankfurt-West"]
[BlackTeam "SV Lingen"]

1. c4 Nf6 2. g3 g6 3. Bg2 Bg7 4. Nc3 O-O 5. e4 Nc6 6. Nge2 a6 7. d3 Rb8 8. a4 d6 9. h3 Nd7 10. Be3 Nb4 11. O-O Ne5 12. Nc1 f5 13. d4 Nd7 14. Nd3 Nxd3 15. Qxd3 e5 16. exf5 gxf5 17. dxe5 dxe5 18. f4 c6 19. Rad1 Qa5 20. Qd6 exf4 21. Bxf4 Ra8 22. Kh2 Nc5 23. Rfe1 Ne4 24. Nxe4 fxe4 25. Bxe4 Qxa4 26. Qd3 h6 27. Bh7+ Kh8 28. Re7 Qb4 29. Rde1 Qxb2+ 30. R1e2 Qd4 31. Qc2 Rxf4 32. gxf4 Qxf4+ 33. Kh1 Bxh3 34. Qg6 1-0

[Event "32.Schlosspark-Open"]
[Site "Wiesbaden-Biebrich"]
[Date "2023.08.27"]
[Round "7.11"]
[White "Barbanera, Fabrizio"]
[Black "Neukirchner, Pascal"]
[Result "0-1"]
[WhiteElo "2101"]
[BlackElo "2279"]
[PlyCount "120"]
[EventDate "2023.??.??"]
[WhiteTeam "SC Neumühl"]
[BlackTeam "SK Gründau"]

1. e4 c5 2. c3 d5 3. exd5 Qxd5 4. d4 g6 5. Nf3 Bg7 6. Na3 cxd4 7. Bc4 Qe4+ 8. Be3 Nh6 9. cxd4 O-O 10. O-O Nf5 11. Qb3 e6 12. Rae1 Nxe3 13. Rxe3 Qf4 14. d5 exd5 15. Bxd5 Nc6 16. Nc4 Rb8 17. Rd1 Be6 18. Bxe6 fxe6 19. Red3 Kh8 20. R3d2 e5 21. Ne3 Nd4 22. Nxd4 exd4 23. Nc2 Rbd8 24. g3 Qf5 25. Qd3 Qf7 26. a3 Rd6 27. Re2 Re8 28. Rxe8+ Qxe8 29. Re1 Re6 30. Kf1 h5 31. Rxe6 Qxe6 32. Ne1 Qc6 33. f3 Kh7 34. Qe4 Qc1 35. Qe2 d3 36. Qxd3 Qxb2 37. Nc2 a5 38. a4 Qa2 39. Qe4 b5 40. axb5 Qb1+ 41. Kg2 Qxb5 42. Ne3 Qb2+ 43. Kh3 Qe5 44. Qxe5 Bxe5 45. f4 Bd4 46. Nc2 Bc5 47. g4 a4 48. Kh4 Kh6 49. Kg3 Kg7 50. Kh4 Be7+ 51. Kg3 Kf6 52. Kf3 Bc5 53. h3 h4 54. Ke4 Ke6 55. Nd4+ Bxd4 56. Kxd4 a3 57. Kc3 Kd5 58. Kb3 Ke4 59. f5 gxf5 60. g5 Ke5 0-1

[Event "32.Schlosspark-Open"]
[Site "Wiesbaden-Biebrich"]
[Date "2023.08.27"]
[Round "7.12"]
[White "Meuer, David"]
[Black "Boidman, Yuri"]
[Result "0-1"]
[WhiteElo "1936"]
[BlackElo "2288"]
[PlyCount "118"]
[EventDate "2023.??.??"]
[WhiteTeam "SV Turm Lahnstein"]
[BlackTeam "SC Heimbach-Weis/Neuwied e.V."]

1. e4 d5 2. exd5 Nf6 3. d4 Bg4 4. f3 Bf5 5. Bb5+ c6 6. dxc6 Qa5+ 7. Nc3 Nxc6 8. Nge2 O-O-O 9. Bxc6 bxc6 10. b4 Qxb4 11. Rb1 Qa5 12. Bd2 e5 13. dxe5 Qxe5 14. Qc1 Nd5 15. Qb2 Bb4 16. O-O Rd7 17. Nxd5 Qxb2 18. Rxb2 Bxd2 19. Rfb1 Rxd5 20. Rb8+ Kc7 21. Rxh8 Bxc2 22. Ra1 c5 23. Ra8 Re5 24. Rxa7+ Kb6 25. Rd7 Rxe2 26. Kf1 Bc3 27. Rc1 Bb2 28. Kxe2 Bxc1 29. Rxf7 Bb2 30. Kd2 Bg6 31. Rf8 Be5 32. g3 c4 33. f4 c3+ 34. Kc1 Bd6 35. Rc8 c2 36. Rxc2 Bxc2 37. Kxc2 Bc5 38. h3 Bf2 39. g4 Bg3 40. f5 Kc5 41. Kd3 Kd5 42. Ke3 Ke5 43. a4 Be1 44. Kf3 h6 45. Ke2 Ba5 46. Kf3 Bb6 47. Kg3 Ke4 48. Kh4 Ke5 49. g5 Bd8 50. f6 hxg5+ 51. Kxg5 gxf6+ 52. Kg4 Ke4 53. Kg3 f5 54. Kg2 f4 55. Kf2 f3 56. Kf1 Bh4 57. a5 Kd5 58. a6 Kc6 59. a7 Kb7 0-1

[Event "32.Schlosspark-Open"]
[Site "Wiesbaden-Biebrich"]
[Date "2023.08.27"]
[Round "7.13"]
[White "Bakiev, Diyor"]
[Black "Baranyai-Molnar, Adam-Kristof"]
[Result "1-0"]
[WhiteElo "2182"]
[BlackElo "1876"]
[PlyCount "59"]
[EventDate "2023.??.??"]
[WhiteTeam "Wiesbadener SV 1885"]
[BlackTeam "SF Neuberg"]

1. e4 c5 2. Nf3 e6 3. c3 Nf6 4. e5 Nd5 5. d4 cxd4 6. cxd4 d6 7. a3 Be7 8. Bd3 Nc6 9. O-O h6 10. Qe2 Bd7 11. Nc3 Nxc3 12. bxc3 d5 13. Nd2 Rc8 14. c4 h5 15. cxd5 exd5 16. Nf3 Bg4 17. Be3 Qd7 18. Rfb1 a6 19. h3 Be6 20. Qb2 b5 21. Bd2 h4 22. a4 Bxh3 23. gxh3 Qxh3 24. Be2 Qg4+ 25. Kh2 Qe4 26. Be3 g5 27. Nd2 Qg6 28. Bg4 Rb8 29. axb5 f5 30. Qc2 1-0

[Event "32.Schlosspark-Open"]
[Site "Wiesbaden-Biebrich"]
[Date "2023.08.27"]
[Round "7.14"]
[White "Khenkin, Igor"]
[Black "Minor, Samuel"]
[Result "1/2-1/2"]
[WhiteElo "2508"]
[BlackElo "2185"]
[PlyCount "71"]
[EventDate "2023.??.??"]
[WhiteTeam "Wiesbadener SV 1885"]
[BlackTeam "Wiesbadener SV 1885"]

1. d4 Nf6 2. c4 e6 3. Nf3 b6 4. g3 Bb4+ 5. Bd2 Be7 6. Nc3 Bb7 7. Bg2 d5 8. cxd5 Nxd5 9. Nxd5 Bxd5 10. Qc2 Nd7 11. e4 Bb7 12. O-O O-O 13. Rad1 Nf6 14. Rfe1 c5 15. dxc5 Qc7 16. e5 Nd5 17. Ng5 Bxg5 18. Bxg5 h6 19. Be3 Nxe3 20. Rxe3 Bxg2 21. Kxg2 Rfc8 22. Qe4 bxc5 23. Red3 Rab8 24. Rd7 Qb6 25. b3 Rd8 26. R7d6 Rxd6 27. exd6 Rd8 28. Qe5 Qc6+ 29. Kg1 Rd7 30. h4 c4 31. bxc4 Qxc4 32. Rd4 Qc1+ 33. Kg2 Qc6+ 34. Kg1 Qc1+ 35. Kg2 Qc6+ 36. Kg1 1/2-1/2

[Event "32.Schlosspark-Open"]
[Site "Wiesbaden-Biebrich"]
[Date "2023.08.27"]
[Round "7.16"]
[White "Diez, Gerhard"]
[Black "Perske, Paul"]
[Result "0-1"]
[WhiteElo "1980"]
[BlackElo "2085"]
[PlyCount "72"]
[EventDate "2023.??.??"]
[WhiteTeam "SC Bad Nauheim"]
[BlackTeam "Sfr.Heidesheim"]

1. e4 e5 2. Nf3 Nc6 3. Bb5 a6 4. Ba4 Nf6 5. O-O Be7 6. Re1 b5 7. Bb3 d6 8. c3 O-O 9. d4 Bg4 10. Be3 exd4 11. cxd4 Na5 12. Bc2 Nc4 13. Bc1 c5 14. b3 Nb6 15. Bb2 Rc8 16. d5 Nfd7 17. h3 Bf6 18. Nc3 Bxf3 19. Qxf3 b4 20. Nd1 c4 21. Bxf6 Qxf6 22. Qxf6 Nxf6 23. bxc4 Nxc4 24. Bd3 a5 25. Rc1 Ne5 26. Rxc8 Rxc8 27. Nb2 Rc3 28. Bb1 g5 29. f3 Nh5 30. Kh2 Nf4 31. Rd1 Nh5 32. Na4 Rc7 33. Rd2 Rc1 34. Bc2 Nc4 35. Rf2 Ne3 36. g3 Nf1+ 0-1

[Event "32.Schlosspark-Open"]
[Site "Wiesbaden-Biebrich"]
[Date "2023.08.27"]
[Round "7.17"]
[White "Burkart, Lloyd Shang"]
[Black "Henrich, Thomas"]
[Result "1/2-1/2"]
[WhiteElo "1891"]
[BlackElo "2147"]
[PlyCount "67"]
[EventDate "2023.??.??"]
[WhiteTeam "SV 1920 Hofheim"]
[BlackTeam "SK Marburg 1931/72"]

1. d4 Nf6 2. c4 g6 3. Nc3 d5 4. Nf3 Bg7 5. cxd5 Nxd5 6. Na4 O-O 7. e4 Nb6 8. Be2 Nxa4 9. Qxa4 b6 10. Be3 Bb7 11. Qc2 e6 12. O-O Nd7 13. Rfd1 Qe7 14. Bg5 f6 15. Be3 c5 16. d5 exd5 17. exd5 Qd6 18. Qd2 Rae8 19. Bf4 Ne5 20. Bxe5 fxe5 21. Ng5 e4 22. Bg4 Bd4 23. Be6+ Rxe6 24. Nxe6 Rxf2 25. Qh6 Rd2+ 26. Kh1 Rxd1+ 27. Rxd1 Bxd5 28. Nxd4 cxd4 29. Rxd4 Qf6 30. Qe3 Qf1+ 31. Qg1 Qf5 32. Qe3 Qf1+ 33. Qg1 Qf5 34. Qe3 1/2-1/2

[Event "32.Schlosspark-Open"]
[Site "Wiesbaden-Biebrich"]
[Date "2023.08.27"]
[Round "7.18"]
[White "Fleckenstein, Lukas"]
[Black "Bauer, Claus"]
[Result "0-1"]
[WhiteElo "1864"]
[BlackElo "2136"]
[PlyCount "68"]
[EventDate "2023.??.??"]
[WhiteTeam "SK Niederbrechen 1948"]
[BlackTeam "Sfr.Mainz 1928"]

1. e4 d6 2. d4 Nf6 3. Nc3 e5 4. Nf3 Nbd7 5. Bc4 Be7 6. h3 c6 7. a4 O-O 8. O-O b6 9. Be3 a6 10. Qe2 Bb7 11. Rfd1 b5 12. dxe5 dxe5 13. Bb3 Qc7 14. Bg5 Nc5 15. Qe3 Nxb3 16. cxb3 Nh5 17. Nh4 f6 18. Bh6 gxh6 19. Qxh6 Nf4 20. Nf5 Rf7 21. g3 Bf8 22. Qh4 Ng6 23. Qg4 Kh8 24. Rd3 Rd8 25. Rad1 Rfd7 26. Rxd7 Rxd7 27. Rxd7 Qxd7 28. h4 Ne7 29. Qh5 Nxf5 30. exf5 c5 31. axb5 axb5 32. Nxb5 Qxb5 33. Qf7 Bg7 34. Qe7 h6 0-1

[Event "32.Schlosspark-Open"]
[Site "Wiesbaden-Biebrich"]
[Date "2023.08.27"]
[Round "7.19"]
[White "Müller, Lutz"]
[Black "Mulder, Bart-Piet"]
[Result "0-1"]
[WhiteElo "1915"]
[BlackElo "2123"]
[PlyCount "68"]
[EventDate "2023.??.??"]
[WhiteTeam "Sfr.Mainz 1928"]
[BlackTeam "de Wijker Toren"]

1. d4 d5 2. Nf3 Nf6 3. Bf4 g6 4. e3 Bg7 5. h3 O-O 6. c4 c5 7. Nc3 Nc6 8. cxd5 Nxd5 9. Bg3 cxd4 10. exd4 Nxc3 11. bxc3 Qa5 12. Rc1 Rd8 13. Bc4 Nxd4 14. O-O Nxf3+ 15. Qxf3 Qf5 16. Qe3 e5 17. Rfd1 Bd7 18. Be2 Bc6 19. Rxd8+ Rxd8 20. Bg4 Qe4 21. Qxe4 Bxe4 22. Re1 f5 23. Be2 Rd2 24. Bb5 a6 25. Ba4 Bd5 26. Bxe5 Rxa2 27. Bd7 b5 28. Bxg7 Kxg7 29. Re7+ Kf6 30. Re3 Bc4 31. h4 a5 32. Re1 a4 33. Rb1 a3 34. Kh2 Rb2 0-1

[Event "32.Schlosspark-Open"]
[Site "Wiesbaden-Biebrich"]
[Date "2023.08.27"]
[Round "7.21"]
[White "Bremer, Vincent"]
[Black "Grzeca, Pascal"]
[Result "0-1"]
[WhiteElo "1925"]
[BlackElo "2075"]
[PlyCount "36"]
[EventDate "2023.??.??"]
[WhiteTeam "TSG 1846 Bretzenheim/ZMO"]
[BlackTeam "SV 1921 Springer Siershahn e.V."]

1. e4 c6 2. Nf3 d5 3. d3 dxe4 4. Ng5 Nf6 5. Nxe4 Bf5 6. Ng3 Bg6 7. h4 h6 8. Nd2 e6 9. Be2 Be7 10. Nc4 O-O 11. h5 Bh7 12. Bf3 Qc7 13. Qe2 Nbd7 14. Bd2 b5 15. Ba5 Qb8 16. Nd2 Ne5 17. a3 Nxf3+ 18. Qxf3 Qe5+ 0-1

[Event "32.Schlosspark-Open"]
[Site "Wiesbaden-Biebrich"]
[Date "2023.08.27"]
[Round "7.22"]
[White "Montalbano, Federico"]
[Black "Dörr, Tarik"]
[Result "1/2-1/2"]
[WhiteElo "2115"]
[BlackElo "1957"]
[PlyCount "46"]
[EventDate "2023.??.??"]
[WhiteTeam "Wiesbadener SV 1885"]
[BlackTeam "SC Einrich e.V."]

1. Nf3 Nf6 2. c4 c5 3. Nc3 g6 4. e3 Bg7 5. d4 cxd4 6. exd4 d5 7. cxd5 Nxd5 8. Qb3 Nxc3 9. bxc3 O-O 10. Bb5 a6 11. Be2 Nc6 12. O-O Qc7 13. Rd1 Be6 14. Qa3 Na5 15. Bf4 Qxf4 16. Qxa5 Rac8 17. Rab1 Qc7 18. Rb6 Qxc3 19. Qxc3 Rxc3 20. Rxb7 Bxa2 21. Bxa6 e6 22. Rd7 Bc4 23. Bxc4 Rxc4 1/2-1/2

[Event "32.Schlosspark-Open"]
[Site "Wiesbaden-Biebrich"]
[Date "2023.08.27"]
[Round "7.23"]
[White "Ruppert, Wolfgang"]
[Black "Davidov, Georgi"]
[Result "1-0"]
[WhiteElo "2165"]
[BlackElo "1904"]
[PlyCount "83"]
[EventDate "2023.??.??"]
[WhiteTeam "SC Flörsheim 1921"]
[BlackTeam "SC Rotenburg"]

1. e4 e5 2. f4 exf4 3. Nf3 g5 4. h4 g4 5. Ne5 Nf6 6. d4 d6 7. Nd3 Nxe4 8. Bxf4 Bg7 9. c3 h5 10. Nd2 Nxd2 11. Qxd2 O-O 12. O-O-O Bf5 13. Bg5 f6 14. Bh6 Bxd3 15. Bxd3 Qe8 16. Rhf1 Qf7 17. Rf5 Nc6 18. Rdf1 Ne7 19. Rg5 fxg5 20. Rxf7 Rxf7 21. Qxg5 Raf8 22. Qxh5 Bxh6+ 23. Qxh6 Rg7 24. Qe6+ Kh8 25. h5 g3 26. h6 Rgf7 27. Kc2 Rf2+ 28. Kb3 R2f7 29. a4 a5 30. Bg6 Nxg6 31. Qxg6 Rh7 32. Kc4 b6 33. Kb5 Rb8 34. b4 axb4 35. cxb4 Ra8 36. Kc6 Rb8 37. a5 bxa5 38. bxa5 Ra8 39. a6 Rf8 40. a7 Ra8 41. d5 Rf8 42. Qf6+ 1-0

[Event "32.Schlosspark-Open"]
[Site "Wiesbaden-Biebrich"]
[Date "2023.08.27"]
[Round "7.24"]
[White "Gundlach, Michael"]
[Black "Zimmer, Gerald"]
[Result "1/2-1/2"]
[WhiteElo "2130"]
[BlackElo "1882"]
[PlyCount "42"]
[EventDate "2023.??.??"]
[WhiteTeam "Sfr.Mainz 1928"]
[BlackTeam "SC Bergen-Enkheim 1922"]

1. c4 Nf6 2. g3 g6 3. Bg2 Bg7 4. Nc3 O-O 5. e4 d6 6. Nge2 e5 7. O-O Nc6 8. d3 Ng4 9. h3 Nh6 10. Be3 f5 11. Qd2 Nf7 12. exf5 Bxf5 13. Nd5 Nd4 14. g4 Bd7 15. f4 Nxe2+ 16. Qxe2 c6 17. Nc3 exf4 18. Bxf4 Qb6+ 19. Kh1 Rae8 20. Qd2 Qd4 21. Be4 Qb6 1/2-1/2

[Event "32.Schlosspark-Open"]
[Site "Wiesbaden-Biebrich"]
[Date "2023.08.27"]
[Round "7.25"]
[White "Schwarz, Jochen"]
[Black "Simon, Eric"]
[Result "1/2-1/2"]
[WhiteElo "1880"]
[BlackElo "2029"]
[PlyCount "27"]
[EventDate "2023.??.??"]
[WhiteTeam "SAbt SV Werder Bremen"]
[BlackTeam "SF Eltville"]

1. e4 d6 2. d4 Nf6 3. Nc3 g6 4. f4 Bg7 5. Nf3 c5 6. dxc5 Qa5 7. Bb5+ Bd7 8. Bxd7+ Nbxd7 9. O-O Qxc5+ 10. Kh1 O-O 11. Qe2 Rac8 12. Be3 Qb4 13. e5 Qxb2 14. exf6 1/2-1/2

[Event "32.Schlosspark-Open"]
[Site "Wiesbaden-Biebrich"]
[Date "2023.08.27"]
[Round "7.26"]
[White "Schneider, Jörg"]
[Black "Emig, Nils"]
[Result "1-0"]
[WhiteElo "2025"]
[BlackElo "1843"]
[PlyCount "77"]
[EventDate "2023.??.??"]
[WhiteTeam "Sfr.Mainz 1928"]
[BlackTeam "SK Marburg 1931/72"]

1. c4 Nf6 2. g3 g6 3. Bg2 Bg7 4. Nc3 d6 5. d3 e5 6. e4 Nc6 7. Nge2 h6 8. O-O O-O 9. f3 Nd7 10. Be3 f5 11. Qd2 Kh7 12. Nd5 Ne7 13. Rac1 c6 14. Nxe7 Qxe7 15. d4 fxe4 16. fxe4 Rxf1+ 17. Rxf1 Nb6 18. b3 Bg4 19. Nc3 Rf8 20. Rxf8 Qxf8 21. d5 c5 22. Nb5 a6 23. Na3 Qf7 24. b4 Nd7 25. h3 cxb4 26. Nb1 Nf6 27. hxg4 Nxg4 28. Bb6 a5 29. Qe2 h5 30. Bh3 Nh6 31. Bxa5 Qf6 32. Bxb4 Qg5 33. Be1 Qc1 34. Nc3 Nf7 35. Kg2 Bh6 36. Be6 Ng5 37. Bd2 Qa1 38. Bxg5 Bxg5 39. Nb5 1-0

[Event "32.Schlosspark-Open"]
[Site "Wiesbaden-Biebrich"]
[Date "2023.08.27"]
[Round "7.27"]
[White "Müller, Riyanna"]
[Black "Pioch, Thomas"]
[Result "0-1"]
[WhiteElo "1760"]
[BlackElo "2022"]
[PlyCount "76"]
[EventDate "2023.??.??"]
[WhiteTeam "SC Landskrone"]
[BlackTeam "Wiesbaden"]

1. e4 e6 2. d4 d5 3. Bd3 dxe4 4. Bxe4 Nf6 5. Bf3 Nbd7 6. Ne2 Be7 7. Be3 O-O 8. Nbc3 c6 9. Qd2 Nd5 10. O-O Nxe3 11. fxe3 Ne5 12. Ne4 Nxf3+ 13. Rxf3 f5 14. N4g3 e5 15. Raf1 g6 16. c3 Be6 17. Qc2 e4 18. R3f2 Qd7 19. Nf4 Bc4 20. Re1 Bh4 21. Nfe2 Qd6 22. Qa4 b5 23. Qa6 Qc7 24. b3 Be6 25. Rff1 Be7 26. d5 Bxd5 27. Nd4 Qb6 28. Qxb6 axb6 29. Re2 Bc5 30. Rd1 Rf7 31. Nxb5 f4 32. Nf1 f3 33. Rf2 fxg2 34. Kxg2 Rxf2+ 35. Kxf2 Rxa2+ 36. Kg3 Bxb3 37. Rd8+ Kg7 38. Nd4 Bc4 0-1

[Event "32.Schlosspark-Open"]
[Site "Wiesbaden-Biebrich"]
[Date "2023.08.27"]
[Round "7.28"]
[White "Althoff, Guntram"]
[Black "Mohammadzadeh, Daris"]
[Result "0-1"]
[WhiteElo "2019"]
[BlackElo "1701"]
[PlyCount "70"]
[EventDate "2023.??.??"]
[WhiteTeam "SF Eltville"]
[BlackTeam "Vorw.Orient Mainz"]

1. b4 d5 2. Bb2 Nf6 3. Nf3 Nbd7 4. e3 e6 5. a3 Be7 6. c4 O-O 7. Nc3 c5 8. bxc5 Nxc5 9. cxd5 Nxd5 10. d4 Nxc3 11. Bxc3 Ne4 12. Bb4 Bxb4+ 13. axb4 Nc3 14. Qd2 Nd5 15. Bd3 Qe7 16. Rb1 Bd7 17. e4 Nb6 18. O-O Rfc8 19. e5 a6 20. Ng5 h6 21. Ne4 Rc7 22. Rb3 Bc6 23. Re1 Bxe4 24. Rxe4 Rac8 25. Rg4 Rc1+ 26. Bf1 Kf8 27. Rbg3 g5 28. f4 R8c2 29. Qd3 Qxb4 30. fxg5 Rd2 31. Qa3 Qxa3 32. Rxa3 Rdd1 33. Rf3 hxg5 34. g3 Nc4 35. Kg2 Rxf1 0-1

[Event "32.Schlosspark-Open"]
[Site "Wiesbaden-Biebrich"]
[Date "2023.08.27"]
[Round "7.29"]
[White "Gentner, Markus"]
[Black "Burkhardt, Jan"]
[Result "1-0"]
[WhiteElo "1982"]
[BlackElo "1685"]
[PlyCount "65"]
[EventDate "2023.??.??"]
[WhiteTeam "SC Murrhardt 1948 e.V."]
[BlackTeam "Sfr.Mainz 1928"]

1. Nf3 d5 2. c4 Nf6 3. g3 g6 4. b3 Bg7 5. Bb2 O-O 6. Bg2 c6 7. O-O Re8 8. Qc2 Bf5 9. d3 Na6 10. a3 Rc8 11. Nbd2 Qd7 12. Ne5 Qd6 13. Nef3 Qd7 14. Rfe1 Bh3 15. Bh1 h6 16. Rad1 Qc7 17. e4 dxe4 18. dxe4 Rcd8 19. e5 Bf5 20. Qc1 Nd7 21. b4 Nab8 22. Qa1 Nf8 23. Bg2 Rd3 24. Bf1 Rdd8 25. Nd4 e6 26. f4 c5 27. Nb5 Qb6 28. Nd6 Rxd6 29. exd6 cxb4+ 30. Kh1 Bxb2 31. Qxb2 Bg4 32. c5 bxa3 33. Qxa3 1-0

[Event "32.Schlosspark-Open"]
[Site "Wiesbaden-Biebrich"]
[Date "2023.08.27"]
[Round "7.30"]
[White "Schmitt, Carsten"]
[Black "Rutsatz, Mario"]
[Result "1/2-1/2"]
[WhiteElo "1874"]
[BlackElo "1912"]
[PlyCount "57"]
[EventDate "2023.??.??"]
[WhiteTeam "SV Bergwinkel"]
[BlackTeam "SC 1961 König Nied"]

1. c4 e5 2. g3 Nc6 3. Bg2 g6 4. Nc3 Bg7 5. d3 Nge7 6. e3 O-O 7. Nge2 d6 8. O-O f5 9. f4 Be6 10. Nd5 Qd7 11. Rb1 Rae8 12. b4 Nd8 13. b5 c6 14. bxc6 bxc6 15. Nxe7+ Rxe7 16. Qa4 d5 17. Ba3 c5 18. Qxd7 Rxd7 19. Bxc5 Re8 20. cxd5 Bxd5 21. Bxd5+ Rxd5 22. Bxa7 Ra5 23. Bb6 Rxa2 24. Rfe1 Ne6 25. fxe5 Bxe5 26. d4 Bd6 27. Ra1 Rb2 28. Rab1 Ra2 29. Ra1 1/2-1/2